| 000 | 00606nam a2200205 a 4500 | ||
|---|---|---|---|
| 005 | 20140310183556.0 | ||
| 008 | 111114s19uu xx 00 eng d | ||
| 020 | _a978-81-907236-5-7 | ||
| 050 |
_aHD 30.28 _b.N217 2009 |
||
| 100 | _aNaqvi, Arshad. | ||
| 245 |
_aStrategic management and business management / _cDr. Arshad Naqvi, Dr. Sandeep Kumar. |
||
| 260 |
_aNew Delhi : _bA.K. Publications, _c2009. |
||
| 300 |
_a256 p. : _b22 cm. |
||
| 521 | _aBSBA | ||
| 650 | _aStrategic management | ||
| 650 | _aManagement concepts | ||
| 700 | _aKumar, Sandeep | ||
| 942 |
_cBK _2lcc _kFOR |
||
| 999 |
_c25030 _d25030 |
||